000 00998nam a22002657a 4500
003 DO-SdBNP
005 20250122105004.0
007 ta
008 210311b2020 dr ac||gr|||| 001 0 spa d
020 _a9789945608489
040 _aDO-SdBNP
_bspa
_cBNPHU
041 _hspa
082 4 _222
_bM672n
245 0 0 _aNos otros :
_bvoces protagonistas de una trayectoria de filantropía y solidaridad en Puerto Rico /
_cMiranda Foundation ; Andrea Barrientos Soto ... [et. al.] ; edición, Doris E. Lugo Ramírez ; prólogo, Ángel "Chuco" Quintero Rivera
260 _aSan Juan Puerto Rico :
_bIsla Negra ,
_c2020.
300 _a215 p. :
_bil., retrato ;
_c21 cm.
490 1 _aVisiones y Cegueras
590 _aInventariado, 2021/MF
700 1 _aBarrientos Soto , Andrea
_eed.
_986905
700 1 _a Lugo Ramírez, Doris E.
_d1965-
_eedición
_986902
700 1 _aQuintero Rivera, Ángel "Chuco"
_eprólogo
_986907
830 0 _aVisión y Ceguera
_978095
910 _aMF
942 _2ddc
_cLBS1
999 _c49538
_d49538